[Event "Coventry International"]
[Site "Coventry"]
[Date "2025.10.30"]
[Round "8.10"]
[White "Arun, Nitish"]
[Black "Balaji, Aaravamudhan"]
[Result "1/2-1/2"]
[WhiteElo "2094"]
[BlackElo "2288"]
[PlyCount "106"]
[EventDate "2025.10.26"]
[EventType "swiss"]
[EventRounds "9"]
[EventCountry "ENG"]
[SourceTitle "BritBase"]
[Source "John Saunders"]
[SourceDate "2025.10.31"]
[SourceVersion "1"]
[SourceVersionDate "2025.10.31"]
[SourceQuality "1"]

1. d4 d5 2. c4 e6 3. Nc3 Be7 4. Nf3 Nf6 5. Bg5 h6 6. Bxf6 Bxf6 7. e3 O-O 8. Rc1 c6 9. Bd3 dxc4 10. Bxc4 Nd7 11. O-O e5 12. Ne4 exd4 13. Nxf6+ Nxf6 14. Qxd4 Qe7 15. Qe5 Qxe5 16. Nxe5 Bf5 17. Rfd1 Rae8 18. Nf3 Be6 19. Bxe6 Rxe6 20. Rd4 Rc8 21. b4 Re7 22. Kf1 Kf8 23. Ke2 Rec7 24. Rdc4 Nd5 25. Nd4 g6 26. h4 h5 27. Kf3 Ke7 28. a3 Kf6 29. g3 Ke7 30. Nb3 Nf6 31. Nd4 Nd7 32. Ke2 Ra8 33. Nb3 Nb6 34. Re4+ Kf8 35. Rd4 Rcc8 36. Nc5 Rcb8 37. a4 a5 38. bxa5 Rxa5 39. Rb4 Nd5 40. Rxb7 Rxb7 41. Nxb7 Rxa4 42. Rxc6 Ra2+ 43. Kf1 Ra1+ 44. Kg2 Ra2 45. Kf3 Nb4 46. Rd6 Ke7 47. Rd1 Nc6 48. Kg2 Ne5 49. Kg1 Nf3+ 50. Kg2 Ne5 51. Kg1 Nf3+ 52. Kg2 Ne5 53. Kg1 Nf3+ 1/2-1/2

[Event "Coventry International"]
[Site "Coventry"]
[Date "2025.10.30"]
[Round "8.11"]
[White "Lewis, Andrew P"]
[Black "Hanache, Kai"]
[Result "0-1"]
[WhiteElo "2268"]
[BlackElo "2122"]
[PlyCount "88"]
[EventDate "2025.10.26"]
[EventType "swiss"]
[EventRounds "9"]
[EventCountry "ENG"]
[SourceTitle "BritBase"]
[Source "John Saunders"]
[SourceDate "2025.10.31"]
[SourceVersion "1"]
[SourceVersionDate "2025.10.31"]
[SourceQuality "1"]

1. c4 e5 2. Nc3 Nf6 3. Nf3 Nc6 4. e4 Bb4 5. d3 d6 6. h3 a5 7. g3 h6 8. Bg2 Nh7 9. d4 Ng5 10. d5 Nxf3+ 11. Qxf3 Nd4 12. Qd3 Qf6 13. Be3 a4 14. a3 Bc5 15. O-O g5 16. Rad1 Bd7 17. f4 gxf4 18. gxf4 Rg8 19. f5 Qg7 20. Rd2 Qg3 21. Bxd4 Bxd4+ 22. Kh1 Qg5 23. Rc2 O-O-O 24. Qf3 Rg7 25. Ne2 Bc5 26. Nc1 Qh4 27. Rd1 Rdg8 28. Qf1 Rxg2 29. Rxg2 Qxh3+ 30. Rh2 Rg1+ 31. Qxg1 Qf3+ 32. Rg2 Bxg1 33. Rdxg1 Qxe4 34. Ne2 Bxf5 35. Ng3 Qh4+ 36. Rh2 Be4+ 37. Nxe4 Qxe4+ 38. Rgg2 Qxc4 39. Rg8+ Kd7 40. Rf2 Qxd5+ 41. Kh2 e4 42. Rf8 Ke7 43. Rc8 Qe5+ 44. Kg1 d5 0-1

[Event "Coventry International"]
[Site "Coventry"]
[Date "2025.10.30"]
[Round "8.12"]
[White "Fellowes, Billy"]
[Black "Roberts, Paul E"]
[Result "1/2-1/2"]
[WhiteElo "2184"]
[BlackElo "2098"]
[PlyCount "60"]
[EventDate "2025.10.26"]
[EventType "swiss"]
[EventRounds "9"]
[EventCountry "ENG"]
[SourceTitle "BritBase"]
[Source "John Saunders"]
[SourceDate "2025.10.31"]
[SourceVersion "1"]
[SourceVersionDate "2025.10.31"]
[SourceQuality "1"]

1. d4 d5 2. Nc3 e6 3. Bf4 f5 4. e3 Nf6 5. a3 a6 6. Nf3 c5 7. Be2 Nc6 8. O-O Bd6 9. dxc5 Bxc5 10. b4 Bd6 11. b5 Ne7 12. Qd4 O-O 13. a4 Ne4 14. Bxd6 Qxd6 15. Bd3 Qc5 16. Nxe4 Qxd4 17. Nxd4 fxe4 18. Be2 Bd7 19. Rfb1 e5 20. Nb3 Rfc8 21. Rb2 axb5 22. axb5 Rxa1+ 23. Nxa1 d4 24. exd4 exd4 25. Nb3 Nf5 26. g4 d3 27. cxd3 exd3 28. Bxd3 Nd6 29. f3 Bxb5 30. Bxb5 Nxb5 1/2-1/2

[Event "Coventry International"]
[Site "Coventry"]
[Date "2025.10.30"]
[Round "8.13"]
[White "Vaidyanathan, Avinash"]
[Black "Verma, Aditya"]
[Result "0-1"]
[WhiteElo "1949"]
[BlackElo "2164"]
[PlyCount "80"]
[EventDate "2025.10.26"]
[EventType "swiss"]
[EventRounds "9"]
[EventCountry "ENG"]
[SourceTitle "BritBase"]
[Source "John Saunders"]
[SourceDate "2025.10.31"]
[SourceVersion "1"]
[SourceVersionDate "2025.10.31"]
[SourceQuality "1"]

1. e4 c5 2. Nf3 d6 3. d4 cxd4 4. Nxd4 Nf6 5. Nc3 a6 6. h3 e5 7. Nde2 h5 8. g3 b5 9. Bg2 Bb7 10. Nd5 Nxd5 11. exd5 Be7 12. Be3 Nd7 13. O-O h4 14. g4 O-O 15. Qd2 Rc8 16. Rac1 Re8 17. b3 Nc5 18. Nc3 Qa5 19. Rfd1 Nd7 20. Ne4 Qxa2 21. Bg5 Bf8 22. Bxh4 Qb2 23. g5 g6 24. Bg3 Rc7 25. Nf6+ Nxf6 26. gxf6 e4 27. Re1 Qxf6 28. Rxe4 Rxe4 29. Bxe4 Bc8 30. h4 Re7 31. Qd3 Bh6 32. Rb1 Kg7 33. c4 Bf4 34. Kg2 Bxg3 35. fxg3 Qe5 36. Bf3 Bf5 37. Qd1 Bxb1 38. Qxb1 Qc3 39. cxb5 axb5 40. Qd1 Re3 0-1

[Event "Coventry International"]
[Site "Coventry"]
[Date "2025.10.30"]
[Round "8.14"]
[White "Kanyamarala, Trisha"]
[Black "Lebedev, Lion"]
[Result "1-0"]
[WhiteElo "2149"]
[BlackElo "2091"]
[PlyCount "179"]
[EventDate "2025.10.26"]
[EventType "swiss"]
[EventRounds "9"]
[EventCountry "ENG"]
[SourceTitle "BritBase"]
[Source "John Saunders"]
[SourceDate "2025.10.31"]
[SourceVersion "1"]
[SourceVersionDate "2025.10.31"]
[SourceQuality "1"]

1. d4 d5 2. c4 c6 3. Nf3 Nf6 4. Qb3 dxc4 5. Qxc4 Bf5 6. Nc3 e6 7. g3 Nbd7 8. Bg2 Bd6 9. O-O O-O 10. Re1 e5 11. e4 Be6 12. Qf1 Bg4 13. Be3 Qa5 14. a3 Bxf3 15. Bxf3 exd4 16. Bxd4 Be5 17. Rad1 Rad8 18. Be2 Bxd4 19. Rxd4 Ne5 20. Red1 c5 21. Rxd8 Rxd8 22. f4 Nc6 23. e5 Ne8 24. Bc4 Nd4 25. f5 b5 26. Nxb5 Nxb5 27. Rxd8 Qxd8 28. Bxb5 Qd4+ 29. Qf2 Qxe5 30. Bxe8 Qxe8 31. Qxc5 Qe1+ 32. Kg2 h5 33. Qc8+ Kh7 34. Qc2 Qe5 35. h4 a5 36. b4 axb4 37. axb4 Qd4 38. Qe2 Kh6 39. b5 Qd5+ 40. Kh2 Qxf5 41. Qb2 Qf3 42. b6 Qb7 43. Qc1+ Kh7 44. Qc7 Qf3 45. Qf4 Qe2+ 46. Kg1 Qe1+ 47. Kg2 Qe2+ 48. Qf2 Qe4+ 49. Kh2 Qb7 50. Qf5+ g6 51. Qf6 Kg8 52. Qd8+ Kg7 53. Qd4+ Kh7 54. Qb2 Kg8 55. Qb4 Kg7 56. Kg1 Kg8 57. Kf2 Kg7 58. Qc3+ Kg8 59. Qc7 Qd5 60. Qc8+ Kh7 61. Qc3 Qf5+ 62. Kg2 Qe4+ 63. Qf3 Qc2+ 64. Qf2 Qc6+ 65. Kh2 Qb7 66. Qb2 Kg8 67. Kg1 Kh7 68. Kf2 Kg8 69. Ke3 Qe7+ 70. Kf3 Qb7+ 71. Kf2 Kh7 72. Qb4 Kg7 73. Ke3 Kh7 74. Qb2 Qe7+ 75. Kf2 Qb7 76. Qb3 Kg7 77. Qc3+ Kg8 78. Qd4 Kh7 79. Qc5 Kg7 80. Ke3 Kh7 81. Qc7 Qd5 82. b7 Qb3+ 83. Kf2 Qa2+ 84. Ke3 Qb3+ 85. Kd4 Qd1+ 86. Kc5 Qc2+ 87. Kd6 Qd3+ 88. Ke7 Qe4+ 89. Kxf7 Qe3 90. Kf6+ 1-0

[Event "Coventry International"]
[Site "Coventry"]
[Date "2025.10.30"]
[Round "8.15"]
[White "Luk, Danbe"]
[Black "Talab, Rami"]
[Result "1/2-1/2"]
[WhiteElo "2131"]
[BlackElo "2052"]
[PlyCount "119"]
[EventDate "2025.10.26"]
[EventType "swiss"]
[EventRounds "9"]
[EventCountry "ENG"]
[SourceTitle "BritBase"]
[Source "John Saunders"]
[SourceDate "2025.10.31"]
[SourceVersion "1"]
[SourceVersionDate "2025.10.31"]
[SourceQuality "1"]

1. Nf3 Nf6 2. d4 g6 3. c4 Bg7 4. Nc3 O-O 5. e4 d6 6. Be2 e5 7. O-O Nc6 8. d5 Ne7 9. b4 a5 10. bxa5 Rxa5 11. a4 Ne8 12. Ba3 f5 13. Bb4 Ra8 14. Nd2 f4 15. c5 g5 16. Nb5 Ng6 17. Nc4 Ra6 18. Rc1 Nh4 19. cxd6 cxd6 20. Ncxd6 Nxd6 21. Nxd6 Rxd6 22. Rxc8 Qxc8 23. Bxd6 f3 24. Bxf8 fxe2 25. Qxe2 Bxf8 26. g3 Ng6 27. Qd2 Nf4 28. Kh1 Qc4 29. Re1 Bb4 30. Qc1 Qd4 31. Re3 Ng6 32. Qc8+ Kg7 33. Qc2 g4 34. Kg2 Bd2 35. Re2 Bb4 36. Qb3 h5 37. h3 gxh3+ 38. Kxh3 b6 39. Qc2 h4 40. Kg2 Bc5 41. Rd2 Qa1 42. Qd1 Qxd1 43. Rxd1 Kf7 44. Kf3 Kf6 45. Kg4 hxg3 46. fxg3 Ne7 47. Kh5 Nc8 48. Re1 Kg7 49. Kg4 Nd6 50. Kf3 Nc4 51. Re2 Nd6 52. Rc2 Nb7 53. Ke2 Kf7 54. Kd3 Kf8 55. Rh2 Kg7 56. Rh1 Nd6 57. Rh5 Bd4 58. Rg5+ Kf7 59. g4 Nb7 60. Rf5+ 1/2-1/2

[Event "Coventry International"]
[Site "Coventry"]
[Date "2025.10.30"]
[Round "8.16"]
[White "Navrotescu, Andreea-Cristiana"]
[Black "Dupuis, Denis K"]
[Result "1-0"]
[WhiteElo "2257"]
[BlackElo "2013"]
[PlyCount "83"]
[EventDate "2025.10.26"]
[EventType "swiss"]
[EventRounds "9"]
[EventCountry "ENG"]
[SourceTitle "BritBase"]
[Source "John Saunders"]
[SourceDate "2025.10.31"]
[SourceVersion "1"]
[SourceVersionDate "2025.10.31"]
[SourceQuality "1"]

1. d4 d5 2. c4 c6 3. Nf3 Nf6 4. Nc3 e6 5. Bg5 Nbd7 6. e3 Qa5 7. Nd2 Ne4 8. Ndxe4 dxe4 9. Bh4 Bb4 10. Qc2 O-O 11. Be2 e5 12. O-O exd4 13. exd4 g5 14. Bg3 f5 15. f4 exf3 16. Rxf3 f4 17. Be1 Nf6 18. a3 Bf5 19. Bd3 Bxd3 20. Qxd3 Rae8 21. Rd1 Bxc3 22. Bxc3 Qa4 23. Bb4 Rf7 24. b3 Qa6 25. h4 Ne4 26. Re1 c5 27. Bxc5 g4 28. Rff1 Qg6 29. d5 b6 30. Bd4 f3 31. b4 Rfe7 32. c5 f2+ 33. Bxf2 g3 34. Be3 Qh5 35. Bg5 Nxg5 36. Rxe7 Nh3+ 37. gxh3 Rxe7 38. d6 g2 39. Qb3+ Kg7 40. Qg3+ Qg6 41. Qxg6+ hxg6 42. Rd1 1-0

[Event "Coventry International"]
[Site "Coventry"]
[Date "2025.10.30"]
[Round "8.17"]
[White "Ireland, David J"]
[Black "Dicen, Elis Denele"]
[Result "1/2-1/2"]
[WhiteElo "1956"]
[BlackElo "2123"]
[PlyCount "108"]
[EventDate "2025.10.26"]
[EventType "swiss"]
[EventRounds "9"]
[EventCountry "ENG"]
[SourceTitle "BritBase"]
[Source "John Saunders"]
[SourceDate "2025.10.31"]
[SourceVersion "1"]
[SourceVersionDate "2025.10.31"]
[SourceQuality "1"]

1. d4 Nf6 2. Nc3 d5 3. Bf4 e6 4. e3 Bb4 5. Bd3 c5 6. dxc5 Nbd7 7. Nf3 Qa5 8. O-O Bxc3 9. bxc3 Qxc5 10. Qe2 O-O 11. Rab1 Qxc3 12. Rb3 Qc5 13. Ne5 Qe7 14. Nxd7 Nxd7 15. Qh5 f5 16. Rc1 Nc5 17. Rc3 b6 18. Be5 Bb7 19. g4 g6 20. Qh6 Rac8 21. h4 Nd7 22. Rxc8 Rxc8 23. Bb2 Nc5 24. Be2 Ne4 25. h5 Qf7 26. hxg6 Qxg6 27. Qf4 fxg4 28. Qe5 Kf7 29. Bd3 Ke8 30. Rd1 Qf5 31. Qh8+ Ke7 32. Qg7+ Ke8 33. Bxe4 Qxe4 34. Ba3 Rc5 35. Bxc5 bxc5 36. Qxb7 g3 37. Qb8+ Ke7 38. Qc7+ Ke8 39. Qxg3 Qxc2 40. Qb8+ Kf7 41. Qxa7+ Kf6 42. Re1 Qg6+ 43. Kf1 Qd3+ 44. Kg2 Qg6+ 45. Kh1 Qh5+ 46. Kg2 Qg6+ 47. Kf3 Qh5+ 48. Kg3 Qg5+ 49. Kh2 Qh5+ 50. Kg1 Qg6+ 51. Kf1 Qd3+ 52. Re2 Qd1+ 53. Re1 Qd3+ 54. Kg1 Qg6+ 1/2-1/2

[Event "Coventry International"]
[Site "Coventry"]
[Date "2025.10.30"]
[Round "8.18"]
[White "Pal, Rohan"]
[Black "Keerthi Kumar, Advait"]
[Result "1/2-1/2"]
[WhiteElo "2101"]
[BlackElo "1968"]
[PlyCount "132"]
[EventDate "2025.10.26"]
[EventType "swiss"]
[EventRounds "9"]
[EventCountry "ENG"]
[SourceTitle "BritBase"]
[Source "John Saunders"]
[SourceDate "2025.10.31"]
[SourceVersion "1"]
[SourceVersionDate "2025.10.31"]
[SourceQuality "1"]

1. e4 c6 2. Nf3 d5 3. Nc3 Bg4 4. h3 Bxf3 5. Qxf3 e6 6. d3 Nf6 7. Bd2 Be7 8. g3 d4 9. Nd1 c5 10. Bg2 Nc6 11. Qe2 e5 12. O-O Bd6 13. f4 Qc7 14. f5 O-O-O 15. a3 Kb8 16. Nf2 Rdf8 17. c4 dxc3 18. bxc3 c4 19. Be3 cxd3 20. Nxd3 Na5 21. Bf2 Qc4 22. Rfe1 Rc8 23. Qe3 b6 24. Bf1 Qa4 25. Nb4 Nb3 26. Rad1 Bc5 27. Na6+ Qxa6 28. Bxa6 Bxe3 29. Rxe3 Rcd8 30. Rxd8+ Rxd8 31. Bc4 Nc5 32. Bxf7 Ncxe4 33. g4 Rd1+ 34. Re1 Nxf2 35. Kxf2 Rxe1 36. Kxe1 Ne4 37. c4 Kc7 38. Bd5 Nc3 39. Bg8 h6 40. Kd2 Ne4+ 41. Ke3 Nf6 42. Be6 Kd6 43. Kf3 Kc5 44. Ke3 Kd6 45. Kf3 a5 46. Ke3 Nh7 47. Bg8 Ng5 48. h4 Nh3 49. Bf7 Nf4 50. Kf3 Ke7 51. Bg8 Kf8 52. c5 bxc5 53. Bc4 Ke7 54. Kg3 Kd6 55. g5 hxg5 56. hxg5 Nh5+ 57. Kf3 Ke7 58. Ke4 Kd6 59. Kf3 Nf4 60. f6 Ne6 61. Kg4 g6 62. Bxe6 Kxe6 63. Kf3 c4 64. Ke3 Kf7 65. Ke4 a4 66. Ke3 Ke6 1/2-1/2

[Event "Coventry International"]
[Site "Coventry"]
[Date "2025.10.30"]
[Round "8.19"]
[White "Hariharan, Shambavi"]
[Black "Verbytski, Oleg"]
[Result "0-1"]
[WhiteElo "1989"]
[BlackElo "2092"]
[PlyCount "82"]
[EventDate "2025.10.26"]
[EventType "swiss"]
[EventRounds "9"]
[EventCountry "ENG"]
[SourceTitle "BritBase"]
[Source "John Saunders"]
[SourceDate "2025.10.31"]
[SourceVersion "1"]
[SourceVersionDate "2025.10.31"]
[SourceQuality "1"]

1. d4 d5 2. c4 e6 3. Nc3 Nf6 4. cxd5 exd5 5. Bg5 c6 6. e3 h6 7. Bh4 Be7 8. Bd3 O-O 9. Qc2 Re8 10. Nge2 a5 11. O-O Na6 12. a3 Nc7 13. f3 Ne6 14. Bf2 Bd7 15. h3 Rc8 16. Qd2 c5 17. Bb5 cxd4 18. Nxd4 Nxd4 19. Qxd4 Bxb5 20. Nxb5 Rc2 21. Qd3 Rxb2 22. Nd4 Qb6 23. Nf5 Bc5 24. Rab1 Rxb1 25. Rxb1 Qc6 26. Bh4 Nd7 27. Rd1 Nb6 28. Kh1 Bf8 29. Qd4 g6 30. Qg4 Qc2 31. Qd4 gxf5 32. Rg1 Qc5 33. Qf4 Qxe3 34. Qxf5 Qe6 35. Qd3 Qg6 36. Qb5 Qc6 37. Qxa5 Nc4 38. Qc3 Bg7 39. Qd3 Re3 40. Qf5 Qe6 41. Qf4 Be5 0-1

[Event "Coventry International"]
[Site "Coventry"]
[Date "2025.10.30"]
[Round "8.20"]
[White "Burrows, Martin P"]
[Black "Ward, Cian"]
[Result "1/2-1/2"]
[WhiteElo "2088"]
[BlackElo "1909"]
[PlyCount "77"]
[EventDate "2025.10.26"]
[EventType "swiss"]
[EventRounds "9"]
[EventCountry "ENG"]
[SourceTitle "BritBase"]
[Source "John Saunders"]
[SourceDate "2025.10.31"]
[SourceVersion "1"]
[SourceVersionDate "2025.10.31"]
[SourceQuality "1"]

1. e4 e6 2. d4 d5 3. Nc3 Nf6 4. e5 Nfd7 5. f4 c5 6. Nf3 Nc6 7. Be3 a6 8. Qd2 b5 9. a3 Qa5 10. dxc5 Bxc5 11. Bxc5 Nxc5 12. Nd4 Qb6 13. Nxc6 Qxc6 14. Be2 Qb6 15. Qd4 Na4 16. Qxb6 Nxb6 17. O-O Bd7 18. Bd3 O-O 19. Ne2 Nc8 20. Nd4 Ne7 21. Rae1 Nc6 22. Nxc6 Bxc6 23. f5 exf5 24. Bxf5 g6 25. Bh3 Rae8 26. Rf6 Bb7 27. e6 Kg7 28. Ref1 fxe6 29. Rxf8 Rxf8 30. Rxf8 Kxf8 31. Bxe6 Ke7 32. Bg4 Kf6 33. Bf3 Ke5 34. Kf2 Bc8 35. Ke3 d4+ 36. Kd2 a5 37. b4 axb4 38. axb4 Bd7 39. g3 1/2-1/2

[Event "Coventry International"]
[Site "Coventry"]
[Date "2025.10.30"]
[Round "8.21"]
[White "Okhai, Shabir"]
[Black "Hindol, Ghosh"]
[Result "1-0"]
[WhiteElo "2069"]
[BlackElo "1866"]
[PlyCount "153"]
[EventDate "2025.10.26"]
[EventType "swiss"]
[EventRounds "9"]
[EventCountry "ENG"]
[SourceTitle "BritBase"]
[Source "John Saunders"]
[SourceDate "2025.10.31"]
[SourceVersion "1"]
[SourceVersionDate "2025.10.31"]
[SourceQuality "1"]

1. e4 c5 2. Nf3 d6 3. Bb5+ Bd7 4. c4 Nf6 5. Nc3 a6 6. Bxd7+ Nbxd7 7. O-O g6 8. d3 Bg7 9. Rb1 O-O 10. a3 Qc7 11. Bd2 Rfd8 12. Nd5 Nxd5 13. exd5 b5 14. Re1 Ne5 15. Bf4 Nxf3+ 16. Qxf3 Rab8 17. Bg5 Re8 18. b3 bxc4 19. dxc4 Be5 20. Qg4 Qa5 21. Re3 Qxa3 22. Qd7 Rbd8 23. Qh3 Qa5 24. Qh4 f6 25. Rh3 h5 26. Be3 Qa2 27. Rf1 Qc2 28. f4 Bd4 29. Bxd4 cxd4 30. f5 Kf7 31. fxg6+ Qxg6 32. Rg3 Qh6 33. Qe4 e5 34. dxe6+ Rxe6 35. Qxd4 Rde8 36. Qd5 h4 37. Rgf3 Kg7 38. Qd4 Qg5 39. Rf4 Qe5 40. Rxh4 Qe3+ 41. Kh1 Qxd4 42. Rxd4 Rb8 43. Rd3 Re2 44. h3 Rb6 45. Rdf3 Rd2 46. Rxf6 Rxb3 47. Rf7+ Kg8 48. R7f4 Rg3 49. R1f2 Rxf2 50. Rxf2 Rc3 51. Rd2 Rxc4 52. Rxd6 Ra4 53. Rd7 Ra2 54. Ra7 a5 55. Kh2 Ra3 56. h4 a4 57. h5 Kh8 58. g3 Ra1 59. Kh3 a3 60. g4 a2 61. Kh2 Kg8 62. g5 Kh8 63. h6 Rb1 64. Rxa2 Kh7 65. Ra7+ Kg6 66. Rg7+ Kf5 67. h7 Rb2+ 68. Kg3 Rb3+ 69. Kf2 Rb2+ 70. Ke3 Rb3+ 71. Kd4 Rb4+ 72. Kc3 Rh4 73. g6 Rh3+ 74. Kc4 Rh4+ 75. Kc5 Rh5 76. Rg8 Kf6+ 77. Kc6 1-0

[Event "Coventry International"]
[Site "Coventry"]
[Date "2025.10.30"]
[Round "8.22"]
[White "Shivakumar, Akshath"]
[Black "Brett, Andrew R"]
[Result "1-0"]
[WhiteElo "1872"]
[BlackElo "2034"]
[PlyCount "109"]
[EventDate "2025.10.26"]
[EventType "swiss"]
[EventRounds "9"]
[EventCountry "ENG"]
[SourceTitle "BritBase"]
[Source "John Saunders"]
[SourceDate "2025.10.31"]
[SourceVersion "1"]
[SourceVersionDate "2025.10.31"]
[SourceQuality "1"]

1. d4 Nf6 2. Bg5 c5 3. d5 d6 4. Bxf6 gxf6 5. c4 Bg7 6. Nd2 f5 7. Qc2 e6 8. dxe6 fxe6 9. e4 Nc6 10. Ngf3 O-O 11. Be2 Qf6 12. Rb1 Nb4 13. Qb3 a5 14. a3 a4 15. Qd1 Nc6 16. exf5 exf5 17. O-O Be6 18. b3 axb3 19. Qxb3 Rfb8 20. Qd3 Bf7 21. Rfc1 b6 22. Nf1 Ne5 23. Nxe5 dxe5 24. Ne3 e4 25. Qd7 Be6 26. Qc6 Rc8 27. Qxb6 Qf7 28. Nd5 Be5 29. Bh5 Qd7 30. Rd1 Kh8 31. Nf4 Rc6 32. Qb5 Bd4 33. Nxe6 Qxe6 34. Bf7 Qxf7 35. Qxc6 Rf8 36. Qd5 Qf6 37. Rb7 Rg8 38. g3 Rf8 39. Qd7 Qh6 40. Rxd4 cxd4 41. Qxd4+ Qf6 42. Qxf6+ Rxf6 43. a4 Rc6 44. Rb4 Kg7 45. a5 Ra6 46. Rb5 Rc6 47. c5 Kf7 48. Kf1 Rc7 49. a6 Ke6 50. c6 Ra7 51. Rc5 Ra8 52. c7 Rc8 53. a7 Kd7 54. Ke2 Kd6 55. Rxf5 1-0

[Event "Coventry International"]
[Site "Coventry"]
[Date "2025.10.30"]
[Round "8.23"]
[White "Sherwood, Gabriel"]
[Black "Latt, Maung M"]
[Result "1/2-1/2"]
[WhiteElo "1851"]
[BlackElo "2140"]
[PlyCount "74"]
[EventDate "2025.10.26"]
[EventType "swiss"]
[EventRounds "9"]
[EventCountry "ENG"]
[SourceTitle "BritBase"]
[Source "John Saunders"]
[SourceDate "2025.10.31"]
[SourceVersion "1"]
[SourceVersionDate "2025.10.31"]
[SourceQuality "1"]

1. e4 c6 2. d4 d5 3. Nc3 dxe4 4. Nxe4 Bf5 5. Ng3 Bg6 6. h4 h6 7. h5 Bh7 8. Nf3 Nf6 9. Bd3 Nbd7 10. Bxh7 Nxh7 11. Qd3 Qb6 12. O-O e6 13. Bf4 Be7 14. c4 Nhf6 15. Rfe1 O-O 16. b3 Rad8 17. Rad1 Qa5 18. Ne5 Nxe5 19. Bxe5 Ng4 20. Bf4 Rd7 21. Qf3 Nf6 22. Re2 Rfd8 23. Red2 Nh7 24. Qe2 Bg5 25. Bxg5 Nxg5 26. Rd3 Nh7 27. Ne4 b6 28. f4 f5 29. Nd2 Rxd4 30. Qxe6+ Kf8 31. Rxd4 Rxd4 32. Re1 Re4 33. Rxe4 fxe4 34. Qd6+ Kg8 35. Qe6+ Kf8 36. Qd6+ Kg8 37. Qe6+ Kf8 1/2-1/2

[Event "Coventry International"]
[Site "Coventry"]
[Date "2025.10.30"]
[Round "8.24"]
[White "Gunarathne, Senith"]
[Black "Sasikumar, Srivathsan"]
[Result "0-1"]
[WhiteElo "1849"]
[BlackElo "2021"]
[PlyCount "108"]
[EventDate "2025.10.26"]
[EventType "swiss"]
[EventRounds "9"]
[EventCountry "ENG"]
[SourceTitle "BritBase"]
[Source "John Saunders"]
[SourceDate "2025.10.31"]
[SourceVersion "1"]
[SourceVersionDate "2025.10.31"]
[SourceQuality "1"]

1. e4 c5 2. Nf3 Nc6 3. d4 cxd4 4. Nxd4 g6 5. c4 Nf6 6. Nc3 d6 7. Be2 Nxd4 8. Qxd4 Bg7 9. Be3 O-O 10. Qd3 Be6 11. O-O Rc8 12. b3 a6 13. Rac1 Bd7 14. f4 Bg4 15. Rfd1 Bxe2 16. Qxe2 Qa5 17. Bd4 Rfd8 18. Na4 Nd7 19. Bc3 Qc7 20. Bxg7 Kxg7 21. Nc3 e6 22. Qe3 Nf6 23. h3 Qb8 24. a4 Nd7 25. Qd4+ Nf6 26. Qe3 Qc7 27. Qd4 e5 28. fxe5 dxe5 29. Qe3 Nd7 30. Nd5 Qc5 31. Kf2 Qxe3+ 32. Kxe3 Nc5 33. b4 Nb3 34. Rc3 Nd4 35. g4 h5 36. g5 h4 37. c5 Rh8 38. Rg1 Ne6 39. Nb6 Rcd8 40. b5 axb5 41. axb5 Nd4 42. Rb1 Rh5 43. c6 bxc6 44. bxc6 Nxc6 45. Rxc6 Rxg5 46. Rh1 Rg3+ 47. Ke2 Rdd3 48. Nc4 Rd4 49. Nd6 Ra4 50. Rc2 Rg2+ 51. Kd1 Rd4+ 52. Kc1 Rxc2+ 53. Kxc2 Rxd6 54. Rg1 Kh6 0-1

[Event "Coventry International"]
[Site "Coventry"]
[Date "2025.10.30"]
[Round "8.25"]
[White "Doran, Chris"]
[Black "Manickam, Saravanna Bava"]
[Result "1-0"]
[WhiteElo "1972"]
[BlackElo "1808"]
[PlyCount "75"]
[EventDate "2025.10.26"]
[EventType "swiss"]
[EventRounds "9"]
[EventCountry "ENG"]
[SourceTitle "BritBase"]
[Source "John Saunders"]
[SourceDate "2025.10.31"]
[SourceVersion "1"]
[SourceVersionDate "2025.10.31"]
[SourceQuality "1"]

1. e4 c6 2. d4 d5 3. e5 c5 4. dxc5 Nc6 5. Nf3 e6 6. Be3 Nge7 7. Bb5 a6 8. Ba4 Qa5+ 9. c3 Bd7 10. b4 Qc7 11. Bd4 Ng6 12. Bxc6 Bxc6 13. O-O Be7 14. Re1 O-O 15. Nbd2 a5 16. a4 Rfd8 17. Qc2 h6 18. b5 Be8 19. Nb3 Nf8 20. c4 Rac8 21. Rec1 Nd7 22. cxd5 exd5 23. Qc3 Ra8 24. b6 Qb8 25. Nxa5 Nf8 26. c6 bxc6 27. Nxc6 Bxc6 28. Qxc6 Ne6 29. b7 Nxd4 30. bxa8=Q Nxf3+ 31. gxf3 Qxa8 32. Qxa8 Rxa8 33. a5 Ra6 34. Rd1 Bb4 35. Rxd5 Kf8 36. Rb5 Bc3 37. Rc1 Bd2 38. Rc8+ 1-0

[Event "Coventry International"]
[Site "Coventry"]
[Date "2025.10.30"]
[Round "8.26"]
[White "Udovenko, Daniel Alexander"]
[Black "Ratcliffe, James"]
[Result "1/2-1/2"]
[WhiteElo "1945"]
[BlackElo "1773"]
[PlyCount "82"]
[EventDate "2025.10.26"]
[EventType "swiss"]
[EventRounds "9"]
[EventCountry "ENG"]
[SourceTitle "BritBase"]
[Source "John Saunders"]
[SourceDate "2025.10.31"]
[SourceVersion "1"]
[SourceVersionDate "2025.10.31"]
[SourceQuality "1"]

1. d4 Nf6 2. c4 e6 3. Nf3 b6 4. g3 Ba6 5. b3 d5 6. Nbd2 Be7 7. Bg2 O-O 8. O-O Nbd7 9. Bb2 Bb7 10. Ne5 Nxe5 11. dxe5 Ne4 12. Nxe4 dxe4 13. Qc2 Bc5 14. Rfd1 Qg5 15. Bxe4 Bxe4 16. Qxe4 Rad8 17. e3 Qh5 18. Qc2 Qf3 19. Rd2 h5 20. Qd1 Qa8 21. h4 Rxd2 22. Qxd2 Rd8 23. Qe2 g6 24. Rd1 Kg7 25. Rxd8 Qxd8 26. e4 a5 27. Kh2 Kg8 28. Kh3 Bb4 29. g4 hxg4+ 30. Kxg4 Be7 31. h5 gxh5+ 32. Kxh5 Qe8 33. Kg4 Qf8 34. Qe3 Qg7+ 35. Kf3 Qg1 36. Qd3 Bc5 37. Bd4 Bb4 38. c5 Qh1+ 39. Kf4 Bd2+ 40. Kg3 Qg1+ 41. Kh4 Qh1+ 1/2-1/2

[Event "Coventry International"]
[Site "Coventry"]
[Date "2025.10.30"]
[Round "8.27"]
[White "McMahon, Paul"]
[Black "Sandhu, Manvith"]
[Result "1/2-1/2"]
[WhiteElo "1894"]
[BlackElo "1937"]
[PlyCount "65"]
[EventDate "2025.10.26"]
[EventType "swiss"]
[EventRounds "9"]
[EventCountry "ENG"]
[SourceTitle "BritBase"]
[Source "John Saunders"]
[SourceDate "2025.10.31"]
[SourceVersion "1"]
[SourceVersionDate "2025.10.31"]
[SourceQuality "1"]

1. e4 c5 2. Nf3 e6 3. Nc3 d5 4. exd5 exd5 5. Bb5+ Nc6 6. Qe2+ Be6 7. d4 Nf6 8. Ne5 Rc8 9. Nxc6 bxc6 10. Ba6 Rb8 11. dxc5 Bxc5 12. O-O O-O 13. Bf4 Bd6 14. Bxd6 Qxd6 15. b3 c5 16. Bd3 c4 17. bxc4 dxc4 18. Be4 Qd4 19. Qe3 Qxe3 20. fxe3 Nxe4 21. Nxe4 Rb2 22. c3 Rd8 23. Rfd1 Rxd1+ 24. Rxd1 Kf8 25. Rd2 Rxd2 26. Nxd2 Ke7 27. Kf2 Kd6 28. Ke1 Kc5 29. Kd1 Bf5 30. Kc1 Bd3 31. Kb2 h6 32. Ka3 Kb5 33. Kb2 1/2-1/2